书目信息 |
| 题名: |
电机及拖动基础
|
|
| 作者: | 孟宪芳 主编 | |
| 分册: | ||
| 出版信息: | 西安 西安电子科技大学出版社 2015.02 |
|
| 页数: | 229页 | |
| 开本: | 26cm | |
| 丛书名: | ||
| 单 册: | ||
| 中图分类: | TM3 , TM921 | |
| 科图分类: | ||
| 主题词: | 电机--高等职业教育--教材 , 电力传动--高等职业教育--教材 | |
| 电子资源: | ||
| ISBN: | 978-7-5606-3658-0 | |
| 000 | 01013nam0 2200289 450 | |
| 001 | 0120151512617 | |
| 005 | 20170424082833.28 | |
| 010 | @a978-7-5606-3658-0@dCNY24.00 | |
| 100 | @a20150321d2015 em y0chiy50 ea | |
| 101 | 0 | @achi |
| 102 | @aCN@b610000 | |
| 105 | @aak z 000yy | |
| 106 | @art | |
| 200 | 1 | @a电机及拖动基础@9dian ji ji tuo dong ji chu@f孟宪芳主编 |
| 205 | @a3版 | |
| 210 | @a西安@c西安电子科技大学出版社@d2015.02 | |
| 215 | @a229页@c图@d26cm | |
| 300 | @a高职高专机电及电气类专业“十二五”规划教材 | |
| 330 | @a本书主要讲述直流电机、变压器和三相异步电动机的运行原理及工作特性。其中,着重分析了直流电动机和三相异步电动机的机械特性、原理、特点及其启动、制动和调速的方法及应用,还介绍了三相异步电动机的新技术——软启动。 | |
| 333 | @a高职 | |
| 606 | 0 | @a电机@x高等职业教育@j教材 |
| 606 | 0 | @a电力传动@x高等职业教育@j教材 |
| 690 | @aTM3@v5 | |
| 690 | @aTM921@v5 | |
| 701 | 0 | @a孟宪芳@9meng xian fang@4主编 |
| 801 | 0 | @aCN@b人天书店@c20150321 |
| 905 | @b988289-92@dTM3@e48=3@f4 | |
| 电机及拖动基础/孟宪芳主编.-3版.-西安:西安电子科技大学出版社,2015.02 |
| 229页:图;26cm |
| 高职高专机电及电气类专业“十二五”规划教材.-使用对象:高职 |
| ISBN 978-7-5606-3658-0:CNY24.00 |
| 本书主要讲述直流电机、变压器和三相异步电动机的运行原理及工作特性。其中,着重分析了直流电动机和三相异步电动机的机械特性、原理、特点及其启动、制动和调速的方法及应用,还介绍了三相异步电动机的新技术——软启动。 |
| ● |
| 相关链接 |
|
|
|
|
正题名:电机及拖动基础
索取号:TM3/48=3
 
预约/预借
| 序号 | 登录号 | 条形码 | 馆藏地/架位号 | 状态 | 备注 |
| 1 | 988289 | 209882894 | 第二样本阅览室/ [索取号:TM3/48=3] | 在馆 | |
| 2 | 988290 | 209882901 | 第三借阅区/ [索取号:TM3/48=3] | 在馆 | |
| 3 | 988291 | 209882910 | 第三借阅区/ [索取号:TM3/48=3] | 在馆 | |
| 4 | 988292 | 209882929 | 密集书库-物理学院/ [索取号:TM3/48=3] | 在馆 |